Family and social policy in Japan : anthropological approaches /

Bibliographic Details
Other Authors: Goodman, Roger, 1960-
Format: Book
Language:English
Published: Cambridge, UK ; New York : Cambridge University Press, 2002.
Series:Contemporary Japanese society
Subjects:
Classic Catalogue: View this record in Classic Catalogue
LEADER 01696nam a22003974a 4500
003 BD-DhAAL
005 20260510182816.0
008 260507t2002 enka b 001 0 eng
010 |a  2002073882 
020 |a 0521815711 
020 |a 0521016355 
020 |a 9780521815710 
020 |a 9780521016353 
035 |a 12840842 
035 |a (OCoLC)50129414 
040 |a DLC  |c DLC  |d C#P  |d DLC  |d BD-DhAAL 
042 |a pcc 
043 |a a-ja--- 
050 0 0 |a GN635.J2  |b F36 2002 
082 0 0 |a 306.850952  |2 21 
245 0 0 |a Family and social policy in Japan :  |b anthropological approaches /  |c edited by Roger Goodman. 
260 |a Cambridge, UK ;  |a New York :  |b Cambridge University Press,  |c 2002. 
300 |a xvii, 237 p. :  |b ill. ;  |c 24 cm. 
440 0 |a Contemporary Japanese society  |9 60547 
504 |a Includes bibliographical references and index. 
650 0 |a Families  |z Japan.  |9 60548 
650 0 |a Family policy  |z Japan.  |9 60549 
650 0 |a Public welfare  |z Japan.  |9 60550 
650 0 |a Social problems  |z Japan.  |9 60551 
650 0 |a Applied anthropology  |z Japan.  |9 60552 
651 0 |a Japan  |x Social policy.  |9 60528 
651 0 |a Japan  |x Social conditions. 
700 1 |a Goodman, Roger,  |d 1960-  |9 60553 
942 |2 ddc  |c BK 
999 |c 47901  |d 47901 
952 |0 0  |1 0  |2 ddc  |4 0  |6 306_850952000000000_FAM  |7 0  |9 79159  |a BRACUL  |b BRACUL  |c NEW  |d 2026-05-07  |e Donated by Embassy of Japan in Bangladesh, Read Japan Project 2025, The Tokyo Foundation, supported by The Nippon Foundation  |l 0  |o 306.850952 FAM  |p 3010045737  |r 2026-05-07  |t 1  |w 2026-05-07  |y BK  |x Donated copy received from Embassy of Japan in Bangladesh, Read Japan Project 2025, The Tokyo Foundation, supported by The Nippon Foundation on 08 April 2026.